000 07460namaa22004451i 4500
003 EG-GICUC
005 20260422180704.0
008 260422s2025 ua a|||frm||| 000 0 eng d
040 _aEG-GICUC
_beng
_cEG-GICUC
_dEG-GICUC
_erda
041 0 _aeng
_beng
_bara
049 _aDeposit
082 0 4 _a615.82
092 _a615.82
_221
097 _aM.Sc
099 _aCai01.21.08.M.Sc.2025.Mo.E
100 0 _aMona Abo-Elabbas Ahmed Moawed,
_epreparation.
245 1 0 _aEffect of educational kinesiology program on cognition, manual dexterity and bimanual coordination in patients with multiple sclerosis /
_cby Mona Abo-Elabbas Ahmed Moawed ; Supervisors Prof. Dr. Eman Samir Mohamed Fayez, Prof. Dr. Amr Hassan Alhasany, Dr. Hossam Mohammed Mohammed.
246 1 5 _aتأثير برنامج علم الحركة التعليمي على الادراك، المهارات اليدوية والتناسق اليدوي الثنائي في مرضى التصلب المتعدد
264 0 _c2025.
300 _a113 pages :
_billustrations ;
_c25 cm. +
_eCD.
336 _atext
_2rda content
337 _aUnmediated
_2rdamedia
338 _avolume
_2rdacarrier
502 _aThesis (M.Sc)-Cairo University, 2025.
504 _aBibliography: pages 98-109.
520 3 _aBackground: Cognitive deficits are common in multiple sclerosis (MS). Studies revealed that manual dexterity is positively related to cognitive functions. Incoordination appeared to be best indicators of Cognitive impairment (CI) in patients with MS. Educational kinesiology program (EKP) has a beneficial effect on cognitive function. Aim of the study: To investigate the effect of educational kinesiology program on cognition, manual dexterity and bimanual coordination in RRMS patients. Subjects: Thirty six patients with relapsing remitting multiple sclerosis (RRMS) with cognition impairment, manual dexterity and bimanual coordination dysfunction were divided into two equal groups: - Study group (Group A): (8male & 10 female) and Control group (Group B): (8 male & 10 female). Methods: All patients were submitted to complete clinical assessment pre and post treatment using the Rehacom computerized program, it was used to measure specific aspects of cognitive abilities and Purdue Pegboard Test (PPT), was used to assess manual dexterity and bimanual coordination. Study group (Group A) received : the Educational kinesiology program followed by conventional physical therapy program, Control group (Group B): received conventional physical therapy program. Results: the study group showed more significant improvement in cognitive function post treatment than control group. There was significant improvement in manual dexterity and bimanual coordination in both groups post treatment but more significant in study group (A) than control group (B). Conclusion: Educational kinesiology program training has a positive effect on cognitive function, manual dexterity and bimanual coordination in patients with relapsing-remitting MS.
520 3 _aالخلفية: يعد العجز الادراكي شائعا في حالات التصلب المتعدد ويصيب المرضى في كل حالات المرض, تتاثر المهارات اليدوية بالعلامات السريرية للمرض في 76% من مرضى التصلب المتعدد, كشفت الدراسات ان المهارات اليدوية ذات صلة بشكل ايجابي بالوظائف الادراكية. واظهر عدم التناسق الحركي انه افضل مؤشر للاعتلال الادراكي في مرضى التصلب المتعدد, ويعد برنامج علم الحركة التعليمي ذات تأثير فعال على الوظائف الادراكية يجمع ما بين حركة القدمين واليدين لتعزيز وظائف فصي المخ الايمن والايسر.الهدف: الغرض من الدراسة الحالية هو دراسة تأثير برنامج علم الحركة التعليمي على الادراك, المهارات اليدوية والتناسق اليدوي الثنائي في مرضى التصلب المتعدد الراجع الانتكاسي . الدراسة: وقد شارك في هذه الدراسة ستة وثلاثون مريضا يعانون من مرض التصلب المتعدد الراجع الانتكاسي لديهم اعتلال ادراكي واختلال وظيفي في كلا من المهارات اليدوية والتناسق الثنائي اليدوي, وتم تقسيمهم الى مجموعتين متساويتين: المجموعة التجريبية (أ): (10 اناث و 8 ذكور) والمجموعة الضابطة (ب): (10 اناث و8 ذكور). تم تقييم جميع المرضى قبل وبعد العلاج بواسطة جهاز برنامج الحاسب الالي (ريهاكوم) تم استخدامه لقياس جوانب محددة من القدرات العقلية الادراكية , واختبار اللوح الوتدي( بردو) تم استخدامه لتقييم المهارات اليدوية والتناسق الثنائي اليدوي. وتم علاج المجموعة التجريبية (أ) ببرنامج علم الحركة التعليمي, تلاها برنامج علاج طبيعي تقليدي في صورة تدريبات للقوة و للتناسق الثنائي اليدوي للاطراف العلوية. بينما تلقت المجموعة الضابطة برنامج علاج طبيعي تقليدي في صورة تدريبات للقوة و للتناسق الثنائي اليدوي للاطراف العلوية فقط. الدلالة الاحصائية: وكشفت النتائج ان المجموعة التجريبية (أ) اظهرت تحسنا ملحوظا في الوظائف الادراكية على عكس المجموعة الضابطة (ب) التي لم تظهر اي تحسن في الوظائف الادراكية. بينما اظهرت كلتا المجموعتان تحسنا ملحوظا في المهارات اليدوية والتناسق اليدوي الثنائي.ولكن كانت المجموعة التجريبية (أ) لديها تحسنا ملحوظا اكثر من المجموعة الضابطة (ب). وطبقا لهذه (النتائج) نستخلص ان برنامج علم الحركة التعليمي احدث تحسنا ملحوظا في الوظائف الادراكية والمهارات اليدوية والتناسق اليدوي الثنائي.
530 _aIssues also as CD.
546 _aText in English and abstract in Arabic & English.
650 0 _aPhysical Therapy
650 0 _aالعلاج الطبيعي
653 1 _aEducational kinesiology program
_acognition
_amanual dexterity
_abimanual coordination, relapsing-remitting multiple sclerosis (RRMS)
_aبرنامج علم الحركة التعليمي
_aالادراك
700 0 _aEman Samir Mohamed Fayez
_ethesis advisor.
700 0 _aAmr Hassan Alhasany
_ethesis advisor.
700 0 _aHossam Mohammed Mohammed
_eTranslator.
900 _b01-01-2025
_cEman Samir Mohamed Fayez
_cAmr Hassan Alhasany
_cHossam Mohammed Mohammed
_UCairo University
_FFaculty of Physical Therapy
_DDepartment of Physical Therapy for Neuromuscular Disorders and its surgery
905 _aShimaa
942 _2ddc
_cTH
_e21
_n0
999 _c179682